Missing Word: Poems for Children Quiz Stats

 Plays Quiz Updated Aug 2, 2018

Score 0/18 Timer 05:00
0 Plays Today
% Correct
there
97.8%
still
96.8%
away
95.7%
telephone
95.6%
rule
94.7%
toes
94.6%
done
93.6%
back
92.9%
day
92.7%
% Correct
see
91.8%
think
91.2%
mumps
91.2%
me
89.7%
bright
89.3%
night
84.8%
Cow
81%
Atlantic
79.7%
dreary
79%

Today's Daily Dose

You're not logged in!

Compare scores with friends on all Sporcle quizzes.
OR
Log In

Sporcle TV

Today on Sporcle TV


Watch our educational content, quiz creation guides, and fun videos on Sporcle TV.

Show Comments

Extras

Top Quizzes Today


Score Distribution

Your Account Isn't Verified!

In order to create a playlist on Sporcle, you need to verify the email address you used during registration. Go to your Sporcle Settings to finish the process.

Report this User

Report this user for behavior that violates our Community Guidelines.

Details: